000 00304nam a2200109Ia 4500
008 220204s9999 xx 000 0 und d
082 _a658.2
_bSHO
100 _aShoshkes, Lila
245 0 _aSpace designing: Designing the office environment
260 _aNew York
_bArchitectural record
_c1976
942 _cBK
999 _c26457
_d26457